Advanced engineering mathematics (Record no. 2354)

000 -LEADER
fixed length control field 00457nam a22001937a 4500
001 - CONTROL NUMBER
control field 2354
003 - CONTROL NUMBER IDENTIFIER
control field BD-DhUET
008 - FIXED-LENGTH DATA ELEMENTS--GENERAL INFORMATION
fixed length control field 140922b xxu||||| |||| 00| 0 eng d
020 ## - INTERNATIONAL STANDARD BOOK NUMBER
International Standard Book Number 8121903459
040 ## - CATALOGING SOURCE
Transcribing agency 0
Modifying agency BD-DhUET
082 ## - DEWEY DECIMAL CLASSIFICATION NUMBER
Classification number 510
Item number DAS/2007
100 ## - MAIN ENTRY--PERSONAL NAME
Personal name Dass, H.K.
245 ## - TITLE STATEMENT
Title Advanced engineering mathematics
250 ## - EDITION STATEMENT
Edition statement 17th Rev. ed.
260 ## - PUBLICATION, DISTRIBUTION, ETC. (IMPRINT)
Place of publication, distribution, etc. Ram Nagar
Name of publisher, distributor, etc. S. Chand.
Date of publication, distribution, etc. 2007
300 ## - PHYSICAL DESCRIPTION
Extent xvi,1274p.
650 #0 - SUBJECT ADDED ENTRY--TOPICAL TERM
Topical term or geographic name as entry element Mathematics
942 ## - ADDED ENTRY ELEMENTS (KOHA)
Koha item type General Book
Holdings
Lost status Location (home branch) Koha date last seen Koha date last borrowed Shelving location Koha full call number Damaged status Withdrawn status Copy number Koha out on loan Piece designation (barcode) Not for loan Price effective from Source of classification or shelving scheme Koha item type Koha issues (times borrowed) Koha normalized classification for sorting Date acquired Sublocation or collection (holding branch)
 Central Library, BUET2023-05-062022-11-23Circulation section510/DAS/2007  1 103924 2014-09-22 General Book3510DAS20072014-09-22Central Library, BUET
 Central Library, BUET2026-01-132026-01-13Circulation section510/DAS/2007  22026-01-27103925 2014-09-22 General Book6510DAS20072014-09-22Central Library, BUET
 Central Library, BUET2025-02-102024-12-01Circulation section510/DAS/2007  3 103927 2014-09-22 General Book4510DAS20072014-09-22Central Library, BUET
 Central Library, BUET2023-06-052023-03-22Circulation section510/DAS/2007  4 103928 2014-09-22 General Book3510DAS20072014-09-22Central Library, BUET
 Central Library, BUET2016-02-242014-11-12Circulation section510/DAS/2007  5 103929 2014-09-22 General Book1510DAS20072014-09-22Central Library, BUET
 Central Library, BUET2023-02-282023-01-11Circulation section510/DAS/2007  7 103931 2014-09-22 General Book2510DAS20072014-09-22Central Library, BUET
 Central Library, BUET2026-05-092026-04-15Circulation section510/DAS/2007  6 103930 2014-09-22 General Book3510DAS20072014-09-22Central Library, BUET
 Central Library, BUET2019-03-312019-01-20Circulation section510/DAS/2007  8 103922 2015-01-26 General Book2510_000000000000000_DAS_20072015-01-26Central Library, BUET
 Central Library, BUET2025-04-072025-03-02Circulation section510DAS/2007  9 103923 2015-09-01 General Book2510DAS_2007_0000000000000002015-09-01Central Library, BUET
 Central Library, BUET2024-11-242024-11-24Circulation section510/DAS/2007  102024-12-08103926 2017-05-29 General Book11510_000000000000000_DAS_20072007-05-28Central Library, BUET